000 00836nam a2200253Ia 4500
003 OSt
005 20221005110431.0
006 a|||||r|||| 00| 0
007 ta
008 221004b |||||||| |||| 00| 0 hin d
020 _a8170161185 (hbk)
_c90
024 _a106072
037 _b12954, 18/03/2011, Kitab Ghar
_cTextual
040 _aCRL
_cCRL
_bhin
041 _2hin
_ahin
082 _aO152,3N19x, P6;Q0
100 _aअमृता प्रीतम
245 0 _aउनके हस्ताक्षर
246 _aUnake hastākṣhara
260 _aनई दिल्ली
_bकिताबघर भारत
_c2010
300 _a104पृ0
_ccm.
942 _hO152,3N19x, P6;Q0
_cTEXL
_2cc
999 _c1018794
_d1018794